| 000 -LEADER | |
|---|---|
| fixed length control field | 00441nam a22001697a 4500 |
| 005 - DATE AND TIME OF LATEST TRANSACTION | |
| control field | 20180305144434.0 |
| 008 - FIXED-LENGTH DATA ELEMENTS--GENERAL INFORMATION | |
| fixed length control field | 160525b xxu||||| |||| 00| 0 eng d |
| 020 ## - INTERNATIONAL STANDARD BOOK NUMBER | |
| ISBN | 81-259-1084-0 |
| 041 ## - LANGUAGE CODE | |
| Language code of text/sound track or separate title | eng |
| 082 ## - DEWEY DECIMAL CLASSIFICATION NUMBER | |
| Item number | 4963 |
| Classification number | 332.6 |
| 100 ## - MAIN ENTRY--AUTHOR NAME | |
| Personal name | Pandian, Punithavathy |
| 245 ## - TITLE STATEMENT | |
| Title | Security Analysis and Portfolio Management |
| 260 ## - PUBLICATION, DISTRIBUTION, ETC. (IMPRINT) | |
| Place of publication | New Delhi |
| Name of publisher | Academic Faundation |
| Year of publication | 2003 |
| 300 ## - PHYSICAL DESCRIPTION | |
| Number of Pages | 444 |
| 650 ## - SUBJECT ADDED ENTRY--TOPICAL TERM | |
| Topical Term | Management |
| 942 ## - ADDED ENTRY ELEMENTS (KOHA) | |
| Koha item type | Books |
| Lost status | Damaged status | Collection code | Home library | Current library | Shelving location | Date acquired | Cost, normal purchase price | Full call number | Accession Number | Koha item type |
|---|---|---|---|---|---|---|---|---|---|---|
| MANAGEMENT | JRU Library | SHELF-59-A | 25/05/2016 | 180.00 | 332.6 | 4963 | Books | |||
| JRU Library | SHELF - 10 - B | 25/05/2016 | 180.00 | 332.6 | 4964 | Books | ||||
| MANAGEMENT | JRU Library | SHELF-59-A | 25/05/2016 | 180.00 | 332.6 | 4965 | Books | |||
| MANAGEMENT | JRU Library | JRU Library | SHELF-59-A | 25/05/2016 | 180.00 | 332.6 | 4966 | Books | ||
| MANAGEMENT | JRU Library | JRU Library | SHELF-59-A | 25/05/2016 | 180.00 | 332.6 | 4967 | Books | ||
| MANAGEMENT | JRU Library | JRU Library | SHELF-59-A | 25/05/2016 | 180.00 | 332.6 | 4968 | Books |